Statistiken für Alle 3M Städte auf der Weltkarte in 5 Minuten

Klicken Sie hier um das Quiz zu spielen!

Allgemein

  • Dieses Quiz wurde 184 mal gespielt
  • Das Durchschnittsergebnis liegt bei 58 aus 170

Antworten auf der Karte

Die Antworten werden auf der Karte rot bzw. grün angezeigt, abhängig davon wie oft sie richtig erraten wurden.
 

Antwortstatistiken

Stadt% Korrekt
New York
90%
Berlin
89%
London
87%
Moskau
86%
Los Angeles
85%
Paris
85%
Madrid
83%
Rom
78%
Rio de Janeiro
77%
Mexiko-Stadt
76%
Chicago
73%
Istanbul
73%
San Francisco
73%
Sankt Petersburg
73%
Barcelona
72%
Buenos Aires
72%
Miami
71%
Tokio
71%
Washington
71%
Brasília
70%
Ankara
69%
Kairo
69%
Lima
69%
Houston
68%
Boston
67%
Mailand
67%
Santiago
67%
Sydney
67%
Köln
65%
Peking
65%
Bogotá
63%
Dallas
63%
Kapstadt
63%
Kiew
63%
Neapel
63%
São Paulo
63%
Seattle
63%
Athen
62%
Toronto
61%
Johannesburg
59%
Manchester
57%
Caracas
55%
Melbourne
55%
Algier
54%
Mumbai
53%
Shanghai
53%
Philadelphia
52%
Riad
52%
Teheran
52%
Birmingham
51%
Jakarta
51%
Frankfurt
50%
San Diego
50%
Bagdad
49%
Alexandria
48%
Denver
48%
Casablanca
47%
Ruhrgebiet
47%
Atlanta
46%
Phoenix
46%
Delhi
45%
Detroit
45%
Dubai
45%
Lagos
45%
Hongkong
42%
Kinshasa
41%
Montréal
41%
Nairobi
41%
Dakar
40%
Belo Horizonte
39%
Manila
39%
Addis Abeba
38%
Accra
37%
Bangkok
37%
Luanda
37%
Seoul
37%
Osaka
35%
Rotterdam
35%
Damaskus
34%
Medellín
34%
Singapur
34%
Guadalajara
32%
Guatemala-
Stadt
32%
Khartum
32%
Tampa
32%
Santo Domingo
31%
Dhaka
30%
Orlando
30%
Durban
29%
Kuala Lumpur
29%
Monterrey
29%
Recife
27%
Minneapolis
26%
Amman
25%
Guangzhou
25%
Kabul
25%
Rawalpindi
24%
Bamako
23%
Daressalam
23%
Hanoi
23%
Kuwait-Stadt
22%
Colombo
21%
Karatschi
21%
Ho-Chi-Minh-Stadt
20%
Porto Alegre
20%
Chennai
19%
Fortaleza
19%
Lahore
19%
Bengaluru
18%
Kampala
18%
Abidjan
16%
Jaunde
16%
Salvador
16%
Xi'an
16%
Cleveland
15%
Kolkata
15%
Taipeh
14%
Wuhan
13%
Xiamen
13%
Hyderabad
12%
Puebla
12%
Guayaquil
11%
Chengdu
10%
Curitiba
10%
Nagoya
10%
Ahmedabad
9%
Pune
9%
Tianjin
9%
Ibadan
8%
Kano
8%
Douala
7%
Busan
6%
Jeddah
6%
Ürümqi
6%
Bandung
5%
Chittagong
5%
Chongqing
5%
Dalian
5%
Harbin
5%
Nanjing
5%
Surabaya
5%
Surat
5%
Yangon
5%
Fuzhou
4%
Wuxi
4%
Medan
3%
Qingdao
3%
Changchun
2%
Changsha
2%
Hangzhou
2%
Hefei
2%
Jaipur
2%
Jinan
2%
Kunming
2%
Lucknow
2%
Mashhad
2%
Nagpur
2%
Nanchang
2%
Nanning
2%
Ningbo
2%
Shantou
2%
Shenyang
2%
Shijiazhuang
2%
Wenzhou
2%
Zhengzhou
2%
Zibo
2%
Campinas
1%
Faisalabad
1%
Kanpur
1%
Taiyuan
1%

Verteilung der Resultate

Perzentil nach korrekt beantworteten Fragen

Anzahl Personen mit jedem Resultat

Ihre Resultats-Entwicklung

Sie haben dieses Quiz noch nicht gespielt